UCSC Library OPAC

FINANCIAL ACCOUNTING IN SRI LANKA (Record no. 22144)

MARC details
000 -LEADER
fixed length control field 00512nam a2200205Ia 4500
008 - FIXED-LENGTH DATA ELEMENTS--GENERAL INFORMATION
fixed length control field 240509s9999 xx 000 0 und d
020 ## - INTERNATIONAL STANDARD BOOK NUMBER
International Standard Book Number 0009559881507
041 ## - LANGUAGE CODE
Language code of text/sound track or separate title English
082 ## - DEWEY DECIMAL CLASSIFICATION NUMBER
Classification number 657
082 ## - DEWEY DECIMAL CLASSIFICATION NUMBER
Cutter number W34
100 ## - MAIN ENTRY--PERSONAL NAME
Personal name WIJEWARDENA, H. :
245 #0 - TITLE STATEMENT
Title FINANCIAL ACCOUNTING IN SRI LANKA
260 ## - PUBLICATION, DISTRIBUTION, ETC.
Name of publisher, distributor, etc. WIJAYA PUBLISHING AUSTRALIA
260 ## - PUBLICATION, DISTRIBUTION, ETC.
Date of publication, distribution, etc. 2004
300 ## - PHYSICAL DESCRIPTION
Extent (Pages) 668 p.
650 ## - SUBJECT ADDED ENTRY--TOPICAL TERM
Topical term or geographic name entry element ACCOUNTING : FINANCIAL ACCOUNTING
942 ## - ADDED ENTRY ELEMENTS (KOHA)
Source of classification or shelving scheme Dewey Decimal Classification
Koha issues (borrowed), all copies 2
942 ## - ADDED ENTRY ELEMENTS (KOHA)
Koha item type Refrence Book
945 ## - LOCAL PROCESSING INFORMATION (OCLC)
creator borrowernumber 1
creator name Madushi Gamage
modifier borrowernumber 2364
modifier name ABC XYZ
Holdings
Withdrawn status Lost status Source of classification or shelving scheme Damaged status Not for loan Collection code Home library Current library Shelving location Date acquired Cost, normal purchase price Inventory number Total Checkouts Total Renewals Full call number Barcode Checked out Date last seen Date last checked out Price effective from Koha item type
    Dewey Decimal Classification     Reference Collection UCSC Library UCSC Library Reference Section 27/06/2024 1500.00 8099 2 1 657 W34 A18099 09/09/2025 09/09/2025 09/09/2025 27/06/2024 Refrence Book
    Dewey Decimal Classification     Lending Collection UCSC Library UCSC Library Lending Section 27/06/2024 1500.00 8100     657 W34 A20271   27/06/2024   27/06/2024 Lending Book
    Dewey Decimal Classification     Lending Collection UCSC Library UCSC Library Lending Section 27/06/2024 1500.00 8101     657 W34 A18101   27/06/2024   27/06/2024 Lending Book
    Dewey Decimal Classification     Lending Collection UCSC Library UCSC Library Lending Section 27/06/2024 1500.00 8102     657 W34 A18102   27/06/2024   27/06/2024 Lending Book
    Dewey Decimal Classification     Lending Collection UCSC Library UCSC Library Lending Section 27/06/2024 1500.00 8103     657 W34 A18103   27/06/2024   27/06/2024 Lending Book